000 00425pab a2200169 454500
008 180718b2002 xxu||||| |||| 00| 0 eng d
100 _aSharma, Yogesh
245 _aLegal education through distance mode: need of the hour
260 _c2002
300 _ap.79-83
362 _a28 Jan
650 _aEducation
650 _aDistance education
650 _aLegal education
773 _aUniversity News
909 _a51504
999 _c51504
_d51504